000
00243nam a22000977a 4500
999
_c
508091
_d
508091
082
_a
A45 KVB/2009-10
100
_a
Bombay. Karur Vysya Bank
_9
3145
245
_a
Annual report, 2009-10
260
_a
Mumbai
_b
Karur Vysya Bank
_c
2010
300
_a
60p.